Guess the Harry Potter Movies by Scene #10 - Statistics

General Stats
  • This quiz has been taken 157 times
  • The average score is 17 of 20
Answer Stats
Picture Answer % Correct
Half-Blood Prince
96%
Chamber of Secrets
94%
Goblet of Fire
94%
Prisoner of Azkaban
92%
Prisoner of Azkaban
91%
Goblet of Fire
89%
Goblet of Fire
85%
Chamber of Secrets
83%
Deathly Hallows – Part 2
83%
Half-Blood Prince
83%
Half-Blood Prince
83%
Half-Blood Prince
83%
Deathly Hallows – Part 1
81%
Deathly Hallows – Part 2
81%
Philosopher's Stone
81%
Prisoner of Azkaban
79%
Deathly Hallows – Part 1
77%
Deathly Hallows – Part 2
75%
Deathly Hallows – Part 1
74%
Order of the Phoenix
70%
No matching quizzes found
Score Distribution
Percent of People with Each Score
Percentile by Number Answered
Your Score History
You have not taken this quiz